| 000 | 00689nam a2200193 i 4500 | ||
|---|---|---|---|
| 001 | 126445 | ||
| 003 | ES-MaACL | ||
| 005 | 20230906192824.0 | ||
| 007 | t| | ||
| 008 | 070214m19481957be r ||||1| fre d | ||
| 245 | 0 | 0 |
_aTablettes génèalogiques, historiques, héraldiques de Flandres / _ceditées par Ch. van Renynghe de Voxvrie. |
| 250 | _a2e et dernière ed. | ||
| 260 |
_aBruges : _b[s. n.], _c1948-57 ( _fPresses A. et L. Fockenier) |
||
| 300 |
_a6 v., 97 lám. ; _c21 cm. |
||
| 651 | 4 |
_aFlandes (Bélgica)- _xHistoria. _9157787 |
|
| 651 | 4 |
_aFlandes (Bélgica)- _xGenealogía. _9157788 |
|
| 700 | 1 |
_aRenynghe de Voxvrie, Ch. van. _996246 |
|
| 852 |
_aES-MaACL _jC-29362-67 _bR.40133 |
||
| 999 |
_c126445 _d126445 |
||